| 000 | 00481nam a22001697a 4500 | ||
|---|---|---|---|
| 999 |
_c6399 _d6399 |
||
| 003 | AR-CdUCM | ||
| 008 | 190315b ||||| |||| 00| 0 eng d | ||
| 040 |
_aMUNICIPALIDAD PROVINCIAL DEL CUSCO _cBIBLIOTECA MUNICIPAL DEL CUSCO |
||
| 082 |
_a300 / _bM18 |
||
| 245 | _aMader :Who´s who in Cia / | ||
| 260 |
_aBerlin : _bJulius Moder, _c1968. |
||
| 300 |
_a591 paginas ; _c14 cm. |
||
| 650 |
_aLiteratura alemana _993 |
||
| 650 |
_aCIA _911690 |
||
| 942 |
_2ddc _cLIBROS |
||
| 945 | _arjall | ||